|
|
|
|
| LEADER |
00000nam0a2200000 4500 |
| 001 |
310400 |
| 005 |
20231102002301.0 |
| 035 |
|
|
|a (RuTPU)RU\TPU\book\335749
|
| 035 |
|
|
|a RU\TPU\book\80766
|
| 090 |
|
|
|a 310400
|
| 100 |
|
|
|a 20151125d1981 m y0rusy50 ca
|
| 101 |
0 |
|
|a rus
|
| 102 |
|
|
|a UA
|
| 105 |
|
|
|a a j 001zy
|
| 200 |
1 |
|
|a Кузнечно-штамповочное оборудование. Прессы
|e учебник для студентов вузов по специальности "Машины и технология обработки металлов давлением"
|f Л. И. Живов, А. Г. Овчинников
|
| 205 |
|
|
|a 2-е изд., перераб. и доп.
|
| 210 |
|
|
|a Киев
|c Вища школа
|d 1981
|
| 215 |
|
|
|a 376 с.
|c ил.
|e 3 л. вкл.
|
| 320 |
|
|
|a Библиогр.: с. 367-368
|
| 320 |
|
|
|a Предм. указ.: с. 369-372
|
| 606 |
1 |
|
|a Кузнечно-штамповочное оборудование
|2 stltpush
|3 (RuTPU)RU\TPU\subj\16644
|9 42596
|
| 606 |
1 |
|
|a Прессы штамповочные электромагнитные
|2 stltpush
|3 (RuTPU)RU\TPU\subj\51459
|9 70054
|
| 610 |
1 |
|
|a кузнечно-штамповочные машины
|
| 610 |
1 |
|
|a кривошипные прессы
|
| 610 |
1 |
|
|a типовые конструкции
|
| 610 |
1 |
|
|a силовой расчет
|
| 610 |
1 |
|
|a прочностные свойства
|
| 610 |
1 |
|
|a исполнительные механизмы
|
| 610 |
1 |
|
|a кинематические свойства
|
| 610 |
1 |
|
|a проектирование
|
| 610 |
1 |
|
|a гидравлические прессы
|
| 610 |
1 |
|
|a винтовые прессы
|
| 610 |
1 |
|
|a гидровинтовые прессы
|
| 610 |
1 |
|
|a учебники
|
| 675 |
|
|
|a 621.735.06(075.8)
|v 3
|
| 675 |
|
|
|a 621.979(075.8)
|v 3
|
| 700 |
|
1 |
|a Живов
|b Л. И.
|g Лев Иванович
|
| 701 |
|
1 |
|a Овчинников
|b А. Г.
|g Анатолий Георгиевич
|
| 801 |
|
1 |
|a RU
|b 63413507
|c 20050331
|g PSBO
|
| 801 |
|
2 |
|a RU
|b 63413507
|c 20210113
|g PSBO
|
| 942 |
|
|
|c BK
|